LEADER 01451nam--2200421---450- 001 990000943020203316 005 20100802102824.0 010 $a88-324-9272-5 035 $a0094302 035 $aUSA010094302 035 $a(ALEPH)000094302USA01 035 $a0094302 100 $a20020204d1990----km-y0itay0103----ba 101 $aita 102 $aIT 105 $a||||||||001yy 200 1 $aCome si acquista (o come si vende) un appartamento, ufficio, negozio, magazzino, un'immobile, un'area fabbricabile$fFrancesco Tamborrino 205 $a17. ed. 210 $aMilano$cPirola$d1990 215 $a137 p$d24 cm 225 2 $aManuali di consulenza immobiliare$v3 410 $12001$aManuali di consulenza immobiliare$v3 606 0 $aImmobili$xAcquisto 676 $a333.33 700 1$aTAMBORRINO,$bFrancesco$09567 801 0$aIT$bsalbc$gISBD 912 $a990000943020203316 951 $aXXV.1.F. 257 (COLL. HRJ 3)$b71889 EC$cXXV.1.F. 257 (COLL. HRJ)$d00286367 959 $aBK 969 $aECO 979 $aPATTY$b90$c20020204$lUSA01$h1638 979 $aPATTY$b90$c20020325$lUSA01$h1136 979 $aPATTY$b90$c20020325$lUSA01$h1136 979 $c20020403$lUSA01$h1737 979 $aPATRY$b90$c20040406$lUSA01$h1705 979 $aRSIAV2$b90$c20100802$lUSA01$h1028 996 $aCome si acquista (o come si vende) un appartamento, ufficio, negozio, magazzino, un'immobile, un'area fabbricabile$9973700 997 $aUNISA LEADER 01274nam 2200409 450 001 9910828636903321 005 20230823000313.0 010 $a981-14-6486-3 035 $a(CKB)4100000011409342 035 $a(MiAaPQ)EBC6347289 035 $a(EXLCZ)994100000011409342 100 $a20210209d2020 uy 0 101 0 $aeng 135 $aurcnu|||||||| 181 $ctxt$2rdacontent 182 $cc$2rdamedia 183 $acr$2rdacarrier 200 00$aEssential techniques for medical and life scientists$iA guide to contemporary methods and current applications with the protocols$hPart 2 /$fedited by Prof. Yusuf Tutar 210 1$aSingapore :$cBentham Science Publishers Pte Ltd.,$d[2020] 210 4$dİ2020 215 $a1 online resource (166 pages) 311 $a981-14-6484-7 606 $aMedical sciences$xResearch 606 $aLife sciences 606 $aSpectrum analysis 615 0$aMedical sciences$xResearch. 615 0$aLife sciences. 615 0$aSpectrum analysis. 676 $a610.72 702 $aTutar$b Yusuf 801 0$bMiAaPQ 801 1$bMiAaPQ 801 2$bMiAaPQ 906 $aBOOK 912 $a9910828636903321 996 $aEssential techniques for medical and life scientists$93950105 997 $aUNINA